Southville International School and Colleges
Your cart is empty.
  • Cart
  • Lists
    Public lists list_1 View all
    Your lists Log in to create your own lists
  • Log in to your account
  • Your cookies
  • Search history
Southville International School and Colleges
  • Advanced search
  • Recent comments
  • Most popular
  • Libraries

Log in to your account

Log in with GOOGLE


If you do not have an external account, but do have a local account, you can still log in:

  1. Home
  2. MARC view: A good day = 운수 좋은 날 /
Normal view MARC view ISBD view

A good day = 운수 좋은 날 / (Record no. 356395)

[ view plain ]
MARC details
000 -LEADER
fixed length control field 00853nam a22002297a 4500
003 - CONTROL NUMBER IDENTIFIER
control field SISC
005 - DATE AND TIME OF LATEST TRANSACTION
control field 20180502135320.0
008 - FIXED-LENGTH DATA ELEMENTS--GENERAL INFORMATION
fixed length control field 180502b xxu||||| |||| 00| 0 eng d
020 ## - INTERNATIONAL STANDARD BOOK NUMBER
International Standard Book Number 9788965880776
020 ## - INTERNATIONAL STANDARD BOOK NUMBER
International Standard Book Number 9788965880721
050 ## - LIBRARY OF CONGRESS CALL NUMBER
Classification number PL 991.3 .C5
Item number A6 2012
100 ## - MAIN ENTRY--PERSONAL NAME
Personal name Hyun, Jin Gun = 현 진건 지음
245 ## - TITLE STATEMENT
Title A good day = 운수 좋은 날 /
Statement of responsibility, etc Hyun Jin Gun = 현 진건 지음; Kim Joon Woo, editor ; Lee Kyoung Ha, illustrator
246 ## - VARYING FORM OF TITLE
Title proper/short title Unsu choŭn nal; Pinch'ŏ ; Kohyang ; Sul kwŏnhanŭn sahoe
260 ## - PUBLICATION, DISTRIBUTION, ETC. (IMPRINT)
Place of publication, distribution, etc Soul-si:
Name of publisher, distributor, etc Sapiens 21 Cor.,
Date of publication, distribution, etc 2012.
300 ## - PHYSICAL DESCRIPTION
Extent 144 pages :
Other physical details color illustrations ;
Dimensions 21 cm.
440 ## - SERIES STATEMENT/ADDED ENTRY--TITLE
Title Safian's Korean literature short
Volume number/sequential designation volume 5
500 ## - GENERAL NOTE
General note Includes index.
650 ## - SUBJECT ADDED ENTRY--TOPICAL TERM
Source of heading or term Library of Congress Subject Headings
Topical term or geographic name as entry element Short stories
Geographic subdivision Korea
942 ## - ADDED ENTRY ELEMENTS (KOHA)
Source of classification or shelving scheme Library of Congress Classification
Koha item type Books
Holdings
Withdrawn status Lost status Source of classification or shelving scheme Damaged status Home library Current library Shelving location Date acquired Source of acquisition Total Checkouts Full call number Barcode Date last seen Date checked out Copy number Price effective from Koha item type
    Library of Congress Classification   Luxembourg Library Luxembourg Library International Baccalaureate Section 05/02/2018 Library Fund 1 PL 991.3 .C5 A6 2012 IB0262 04/29/2024 04/29/2024 1 05/02/2018 Books
    Library of Congress Classification   Luxembourg Library Luxembourg Library International Baccalaureate Section 05/02/2018 Library Fund   PL 991.3 .C5 A6 2012 IB0263 05/02/2018   2 05/02/2018 Books
    Library of Congress Classification   Luxembourg Library Luxembourg Library International Baccalaureate Section 05/02/2018 Library Fund   PL 991.3 .C5 A6 2012 IB0264 05/02/2018   3 05/02/2018 Books

A good day = 운수 좋은 날 /

APA

Hyun J. G. =. 현. 진. 지., . (2012). A good day = 운수 좋은 날. Soul-si: Sapiens 21 Cor.

Chicago

Hyun Jin Gun = 현 진건 지음, . 2012. A good day = 운수 좋은 날. Soul-si: Sapiens 21 Cor.

Harvard

Hyun J. G. =. 현. 진. 지., . (2012). A good day = 운수 좋은 날. Soul-si: Sapiens 21 Cor.

MLA

Hyun Jin Gun = 현 진건 지음, . A good day = 운수 좋은 날. Soul-si: Sapiens 21 Cor. 2012.

  • Place hold
  • Print
  • Cite
  • Add to your cart (remove)
  • Save record
    BIBTEX Dublin Core MARCXML MARC (non-Unicode/MARC-8) MARC (Unicode/UTF-8) MARC (Unicode/UTF-8, Standard) MODS (XML) RIS
  • More searches
    Search for this title in:
    Other Libraries (WorldCat) Other Databases (Google Scholar) Online Stores (Bookfinder.com) Open Library (openlibrary.org)

Exporting to Dublin Core...

SOUTHVILLE LIBRARY

Southville International School and Colleges Library

1281 Tropical Ave. Cor. Luxembourg St., BF Homes International, Las Pinas City

Tel. No. 8256374 / 252358 Loc. 117/146

Powered by Koha